| 000 | 00548cam a2200217ua 4500 | ||
|---|---|---|---|
| 020 |
_a81-205-0007-5 _c125.00 |
||
| 041 |
_aeng _h |
||
| 082 |
_a631.37 _bRUD/DI |
||
| 100 |
_aRudney, V K . _95946 |
||
| 245 |
_aDigging of soils by earthmovers with powered parts / _cV K Rudney. _hTextual Documents |
||
| 250 |
_a1 / _b. |
||
| 260 |
_aNew Delhi : _bOxonian press pvt ltd , _c1985. |
||
| 300 | _a136 ; . | ||
| 365 | _a125.00 | ||
| 504 | _a | ||
| 650 |
_aFarm Machinery _9707 |
||
| 942 | _cBK | ||
| 999 |
_c31 _d31 |
||
| 003 | @ | ||
| 003 | OSt | ||